Music Quiz

Random Music or Billboard Quiz

Top 3: Pick the Year II Quiz Stats

 Plays Quiz Updated May 17, 2017

Support Sporcle.
Go Orange.
Score 0/19 Timer 05:00
0 Plays Today
% Correct
2015
76.1%
2012
67.7%
1964
64.5%
1997
61.8%
1961
61.5%
1967
60.6%
2009
55.3%
1982
55%
1994
54.5%
1970
54.1%
% Correct
2003
54.1%
2000
53.7%
2006
53.2%
1988
52.5%
1985
52%
1976
50.4%
1991
49%
1979
48.5%
1973
44.5%

You're not logged in!

Compare scores with friends on all Sporcle quizzes.
OR
Log In
Forgot?

From the Vault

'Star Wars' Vehicles Exam

by bhenderson79

It's getting Hoth in here.
Remove Ads.
Support Sporcle.
Get the best of Sporcle when you Go Orange. This ad-free experience offers more features, more stats, and more fun while also helping to support Sporcle. Thank you for becoming a member.

Show Comments

Extras

Top Quizzes Today


Score Distribution

Your Account Isn't Verified!

In order to create a playlist on Sporcle, you need to verify the email address you used during registration. Go to your Sporcle Settings to finish the process.

Report this User

Report this user for behavior that violates our Community Guidelines.

Details: